Les 25 meilleurs buteurs du Real Madrid. - Statistiques

Statistiques générales
  • Ce quiz a été pris 289 fois
  • Le résultat moyen est 9 sur 25
Statistiques - réponses
Buts Joueurs Périodes % Correct
450 Cristiano Ronaldo 2009-18
100%
354 Karim Benzema 2009-23
98%
104 Ronaldo 2002-07
98%
323 Raul Gonzalez 1994-10
85%
106 Gareth Bale 2013-22
83%
308 Alfredo Di Stefano 1953-64
71%
101 Sergio Ramos 2005-21
67%
242 Ferenc Puskas 1958-66
55%
121 Gonzalo Higuain 2007-13
51%
171 Emilio Butragueno 1984-95
30%
182 Paco Gento 1953-71
29%
100 Fernando Morientes 1997-05
25%
127 Fernando Hierro 1989-03
24%
208 Hugo Sanchez 1985-92
24%
87 Pruden Sanchez 1943-48
22%
290 Santillana 1971-88
10%
130 Michel 1982-96
7%
172 Pirri 1964-80
7%
155 Amancio 1962-76
4%
101 Ivan Zamorano 1992-96
4%
121 Juanito 1977-87
4%
83 Hector Rial 1954-61
2%
103 Luis Molowny 1946-57
2%
124 Pahino 1948-53
2%
93 Sabino Barinaga 1939-50
2%
Aucun quiz correspondant
Distribution des résultats
% des personnes avec chaque résultat
Percentile par nombre de réponses
Votre historique - résultats
Vous n’avez pas pris ce quiz